Library Logo

Pioneer International University Library Catalogue

Blown to bits : (Record no. 6487)

MARC details
000 -LEADER
fixed length control field 00623cam a22001694a 4500
005 - DATE AND TIME OF LATEST TRANSACTION
control field 20250901165611.0
008 - FIXED-LENGTH DATA ELEMENTS--GENERAL INFORMATION
fixed length control field 990503s2000 maua b 001 0 eng
010 ## - LIBRARY OF CONGRESS CONTROL NUMBER
LC control number 99031132
020 ## - INTERNATIONAL STANDARD BOOK NUMBER
International Standard Book Number 087584877X (alk. paper)
050 00 - LIBRARY OF CONGRESS CALL NUMBER
Classification number HC79.I55 .E93 2000
Item number E93 2000
082 00 - DEWEY DECIMAL CLASSIFICATION NUMBER
Classification number 658.4/012
Edition information 21
100 1# - MAIN ENTRY--PERSONAL NAME
Personal name Evans, Philip,
Dates associated with a name 1950-
245 10 - TITLE STATEMENT
Title Blown to bits :
Remainder of title how the new economics of information transforms strategy /
Statement of responsibility, etc. Philip Evans, Thomas S. Wurster.
260 ## - PUBLICATION, DISTRIBUTION, ETC.
Place of publication, distribution, etc. Boston, Mass. :
Name of publisher, distributor, etc. Harvard Business School Press,
Date of publication, distribution, etc. c2000.
300 ## - PHYSICAL DESCRIPTION
Extent xv, 261 p. :
Other physical details ill. ;
Dimensions 24 cm.
942 ## - ADDED ENTRY ELEMENTS (KOHA)
Source of classification or shelving scheme Library of Congress Classification
Classification part HC79.I55 .E93 2000
Holdings
Withdrawn status Lost status Source of classification or shelving scheme Damaged status Not for loan Home library Current library Shelving location Date acquired Total checkouts Full call number Barcode Date last seen Price effective from Koha item type
    Library of Congress Classification     Main Library Main Library   02/14/2024   HC79.I55 .E93 2000 PIU0016068B 02/14/2024 02/14/2024 Books